| 000 | 00949nas a2200277 4500 | ||
|---|---|---|---|
| 001 | BR8003122 | ||
| 003 | BR-BrBNA | ||
| 005 | 20231205084321.0 | ||
| 007 | ta | ||
| 008 | 230509b bl.|||p| |||| 00| 00por d | ||
| 040 |
_aBR-BrBNA _bpor _cBiblioteca Nacional de Agricultura |
||
| 041 | _a(Pt) | ||
| 072 | _aF24; P12 | ||
| 100 | 1 | _aSouza, M.L. de P. | |
| 100 | 1 | _aFranca, G.V. de | |
| 245 | 1 |
_aFotointerpretacao das redes de drenagem em tres solos ocorrentes no municipio de Ponta Grossa, Parana. 3. Caracteristicas quantitativas em amostras circulares [Parana; Brasil] _bParte de tese |
|
| 650 | _aReconhecimento do solo | ||
| 650 | _aDrenagem | ||
| 650 | _aSolo | ||
| 650 | _aFotointerpretacao | ||
| 650 | _aPonta Grossa | ||
| 650 | _aPARANÁ | ||
| 773 | 0 |
_tRevista do Setor de Ciencias Agrarias (Brazil) _xISSN 0100-607X _g(Jul 1980), v. 2(2) p. 117-126 _wBR8003122 |
|
| 909 |
_a202311 _bLúcia _c55 _dLúcia Elande |
||
| 942 |
_2AGRIS _n0 _cANA |
||
| 999 |
_c104454 _d104454 |
||